[Event "77th LOTTO POL-ch 2020"]
[Site "Warsaw"]
[Date "2020.07.28"]
[Round "4.7"]
[White "Piorun, Kacper"]
[Black "Sadzikowski, Daniel"]
[Result "1-0"]
[WhiteElo "2539"]
[BlackElo "2374"]
[Annotator "TA"]
[PlyCount "95"]
[EventDate "2020.07.21"]
[EventType "k.o."]
[EventCountry "POL"]
[SourceTitle "playchess.com"]
[Source "ChessBase"]
[SourceQuality "1"]

{[%evp 9,95,9,14,11,9,-25,-25,-42,-39,-37,-7,-30,-35,-88,-11,-23,0,6,2,-15,367,376,358,370,363,373,358,206,237,237,225,231,216,224,285,263,259,239,225,150,150,150,150,150,150,150,156,155,263,120,127,120,191,189,180,124,468,456,764,530,766,758,779,763,786,739,737,462,448,424,1042,975,851,787,3124,2976,29981,29982,29983,29984,29984,29985,29985,29986,29986,29987,29988,29989]} 1. d4 Nf6 2. Bf4 e6 3. e3 b6 4. Nf3 Be7 5. h3 O-O 6. Bd3 {A47: 1 d4 Nf6 2 Nf3 b6: Torre, London and Colle Systems.} c5 {[#]} 7. Qe2 $146 ({Predecessor:} 7. O-O Ba6 8. dxc5 bxc5 9. Bxa6 Nxa6 10. c4 Qb6 11. b3 d5 12. cxd5 exd5 13. Nc3 {½-½ (22) Agrest,E (2593)-Kazhgaleyev,M (2594) chess.com INT 2017}) 7... Nd5 8. c3 {Black has an edge.} Nxf4 9. exf4 {Black must now prevent Qe4!} cxd4 10. cxd4 (10. Qe4 g6 $16) (10. Nxd4 {seems wilder.} Bb7 11. O-O Qc7 12. g3 Nc6 13. Nf3) 10... Nc6 11. h4 (11. a3 $15) 11... f5 (11... Bb7 $17 12. Nc3 Qc7) 12. Nc3 $11 Nb4 13. Bc4 d5 14. Bb5 {aiming for a3.} Bd7 $2 {[%mdl 8192]} (14... a6 $11 {and Black has nothing to worry.} 15. Bd3 b5) 15. a3 $18 Bxb5 16. Nxb5 Na6 17. Qxe6+ Kh8 18. Kf1 (18. Ne5 $142) 18... Rf6 19. Qe2 Nc7 20. Rc1 Nxb5 21. Qxb5 Bd6 22. Ne5 (22. Qxd5 Bxf4 23. Qxd8+ Rxd8 $16) 22... Bxe5 23. fxe5 Rg6 24. f3 Rc8 25. Rc3 Rxc3 26. bxc3 $16 {[%mdl 4096] Endgame KQR-KQR} h5 27. Kf2 Qe7 28. Qb4 ({Resist} 28. Qxd5 $6 Qxa3 29. Re1 Qxc3 $14) 28... Qd8 {[#]} (28... Qf7 $16 29. Rc1 Rc6) 29. f4 (29. c4 $1 $18) 29... Rc6 30. Rh3 Rc4 {[#]} (30... a6 $16 31. a4 Kh7) 31. Qb5 $1 $18 Rc7 32. Kg1 ({White should try} 32. a4 $18) 32... Qe7 $2 {[%mdl 8192]} (32... g6 $16 {is more resistant.} 33. Re3 Kg7) 33. Qxd5 Rc8 (33... Qxa3 $142 34. Qf3 (34. Qd8+ Kh7 $18) 34... g6) 34. Qb3 b5 35. d5 Qc5+ 36. Kf1 a5 37. Rd3 b4 38. axb4 Qb5 39. Ke2 {Threatens to win with d6.} Rc4 (39... a4 $142 40. Qa3 Qc4) 40. d6 a4 41. Qc2 {d7 is the strong threat.} Qc6 42. Kd1 Rxf4 43. Qe2 {White mates.} Qc4 44. d7 Qb3+ 45. Ke1 Re4 46. d8=Q+ Kh7 47. Re3 {[%cal Re2h5]} Qb1+ 48. Qdd1 {Accuracy: White = 63%, Black = 50%.} 1-0

[Event "77th LOTTO POL-ch 2020"]
[Site "Warsaw"]
[Date "2020.07.28"]
[Round "4.7"]
[White "Sadzikowski, Daniel"]
[Black "Piorun, Kacper"]
[Result "1-0"]
[WhiteElo "2374"]
[BlackElo "2539"]
[Annotator "TA"]
[PlyCount "111"]
[EventDate "2020.07.21"]
[EventType "k.o."]
[EventCountry "POL"]
[SourceTitle "playchess.com"]
[Source "ChessBase"]
[SourceQuality "1"]

{[%evp 9,111,-20,-20,-18,-19,-12,-7,-13,-16,-18,-7,-16,16,0,16,17,10,-18,-14,0,13,38,72,77,137,127,124,112,131,125,186,191,187,185,257,256,266,262,274,272,240,256,250,236,321,325,320,307,318,329,312,315,309,315,360,368,427,408,400,385,382,381,388,384,362,275,377,357,343,48,227,249,355,343,279,289,643,618,584,485,478,426,427,384,402,352,770,539,976,945,905,923,872,868,844,843,2176,1111,8726,8316,8387,8245,29980,29981]} 1. e4 e5 2. d4 exd4 3. Qxd4 Nc6 4. Qc4 Nf6 5. Nc3 Bb4 6. Bd2 {C22: Centre Game.} O-O 7. O-O-O Re8 {With the idea ...Bxc3.} 8. f3 {The position is equal.} d6 9. a3 {[#]} Ba5 $146 ({Predecessor:} 9... Bc5 10. Qe2 h6 11. Qe1 a6 12. g4 Nh7 13. Nge2 b5 14. Nd5 Ne5 15. Qg3 c6 {1-0 (40) Xu,X (2494)-Peng,X (2383) Shenyang 2019}) 10. g4 Be6 11. Qe2 d5 12. g5 $1 {[%cal Rg5f6]} Nd7 13. exd5 Bxd5 14. Qg2 Be6 15. Nge2 Bf5 16. Ng3 Bg6 (16... Be6 $142) 17. h4 Nd4 18. Nce4 $36 {[%mdl 2048] White is on the roll.} Bxd2+ 19. Rxd2 c5 {[#]} (19... Ne5 $16) 20. h5 $1 $18 {[%cal Rh5g6]} Bxe4 21. Nxe4 Rxe4 (21... Qc7 {might work better.}) 22. fxe4 {aiming for g6.} Ne5 23. Kb1 {Hoping for c3.} Qe7 {Now ...Ndf3 and Black clings on.} 24. g6 fxg6 25. hxg6 h6 26. c3 Ndf3 27. Rd5 Rf8 28. Be2 Ng5 29. Rf1 {And now Rxf8+ would win.} Nxg6 {...Nf4 would now be nice for Black.} 30. Rxf8+ Nxf8 31. Bc4 {Threatens to win with Rd7+.} Kh8 32. e5 Ng6 33. Qd2 Nxe5 34. Rd8+ Kh7 35. Bg8+ Kg6 36. Rd6+ Kf5 {Black wants to play ...Ne4.} 37. Qc2+ Kg4 38. Qg2+ Kf4 {[#]} 39. Rd1 $2 (39. Qh2+ $1 $18 Kf5 40. Qf2+ Ngf3 41. Qxc5) 39... Nef3 $2 {Loses the game.} ({Better is} 39... Ngf3 $14) 40. Bd5 Qe3 (40... b6 $142 41. Rf1 Qe3) 41. Bxf3 Nxf3 42. Qxg7 {[%mdl 4160] Endgame Double Attack. KQR-KQN} Ke4 $2 (42... Qe4+ 43. Ka1 h5 44. Qc7+ Kg4 45. Qd7+ (45. Qxc5 h4 $18) 45... Kg3) 43. Qh7+ Ke5 44. Qe7+ Kf4 45. Qf7+ Kg3 46. Qg6+ Kf2 47. Ka1 Ke2 $2 (47... b5 48. Rh1 a5 49. Qc2+ Qe2) 48. Rh1 Nd2 49. Qg2+ Qf2 50. Qxf2+ Kxf2 51. Rxh6 {KR-KN} Ke3 52. Rh7 Nb3+ 53. Ka2 Na5 54. b4 {[%cal Bb2b4,Bb4c5][%mdl 32]} Nc4 55. Rxb7 Kd3 56. bxc5 {Accuracy: White = 88%, Black = 41%.} 1-0